[Event "ROM-ch U12 Girls"]
[Site "Calimanesti"]
[Date "2015.04.06"]
[Round "9"]
[White "Covrig, Larisa Raluca"]
[Black "Pomirleanu, Daniela Elena"]
[Result "1/2-1/2"]
[WhiteElo "1597"]
[BlackElo "1409"]
[PlyCount "120"]
[EventDate "2015.03.30"]
[EventType "swiss"]
[EventRounds "9"]
[EventCountry "ROU"]
[SourceTitle "CBM 165 Extra"]
[Source "ChessBase"]
[SourceDate "2015.04.21"]
[SourceVersion "1"]
[SourceVersionDate "2015.04.21"]
[SourceQuality "1"]

1. Nf3 d5 2. d4 Nf6 3. Bg5 h6 4. Bh4 Bf5 5. e3 Nbd7 6. c4 e6 7. Nc3 Be7 8. Bd3 Bxd3 9. Qxd3 Nb6 10. b3 c6 11. 0-0 0-0 12. h3 Qc7 13. e4 dxe4 14. Nxe4 Nxe4 15. Qxe4 Bxh4 16. Nxh4 Rad8 17. Nf3 Nd7 18. Rfd1 Nf6 19. Qe5 Qxe5 20. Nxe5 Nd7 21. f4 Nxe5 22. dxe5 Rfe8 23. Rd6 Kf8 24. Rad1 Rxd6 25. Rxd6 Ke7 26. c5 Rd8 27. Kh2 f6 28. Kg3 Rf8 29. Rd4 fxe5 30. fxe5 Rf5 31. Re4 Kf7 32. Rf4 Rxf4 33. Kxf4 b6 34. cxb6 axb6 35. b4 Ke7 36. a4 Kd7 37. Ke4 Kc7 38. Kd4 Kb7 39. a5 Ka6 40. axb6 Kxb6 41. Kc4 Kb7 42. Kc5 Kc7 43. Kd4 Kb6 44. Kc4 Kb7 45. Kc5 Kc7 46. Kd4 Kb6 47. Kc4 Kb7 48. h4 h5 49. Kd4 Kb6 50. Kc4 Kb7 51. Kc5 Kc7 52. g3 g6 53. b5 cxb5 54. Kxb5 Kb7 55. Kb4 Kb6 56. Kc4 Kc6 57. Kd4 Kd7 58. Ke4 Ke7 59. Kf4 Kf7 60. g4 hxg4 1/2-1/2

[Event "ROM-ch U10 Girls"]
[Site "Calimanesti"]
[Date "2014.04.10"]
[Round "6"]
[White "Pomirleanu, Daniela Elena"]
[Black "Obada, Ema"]
[Result "0-1"]
[WhiteElo "1068"]
[BlackElo "1526"]
[PlyCount "120"]
[EventDate "2014.04.06"]
[EventType "swiss"]
[EventRounds "9"]
[EventCountry "ROU"]
[SourceTitle "CBM 160 Extra"]
[Source "ChessBase"]
[SourceDate "2014.07.01"]
[SourceVersion "1"]
[SourceVersionDate "2014.07.01"]
[SourceQuality "1"]

1. e4 c5 2. Nf3 d6 3. d4 cxd4 4. Nxd4 Nf6 5. Nc3 a6 6. f3 e6 7. Bd3 Be7 8. Qe2 Nc6 9. Nxc6 bxc6 10. Be3 Qc7 11. 0-0-0 a5 12. Na4 Rb8 13. b3 0-0 14. Qf2 c5 15. g4 Bd7 16. Nb2 Ra8 17. a4 Rfc8 18. h4 d5 19. Qh2 Bd6 20. Qe2 Rcb8 21. exd5 Nxd5 22. Bd2 Nf4 23. Bxf4 Bxf4+ 24. Kb1 Bc6 25. Be4 Bxe4 26. Qxe4 Rd8 27. Rxd8+ Rxd8 28. Rd1 Rxd1+ 29. Nxd1 h6 30. Nb2 Qd6 31. Qd3 Qe5 32. Qe4 Qxe4 33. fxe4 Bg3 34. h5 g6 35. hxg6 fxg6 36. Kc1 h5 37. gxh5 gxh5 38. Kd1 Kg7 39. Ke2 Kg6 40. Kf3 Bc7 41. Nd3 Bd6 42. c3 Kg5 43. Nf2 Be5 44. c4 Kh4 45. Nd3 Bd4 46. Ne1 Kh3 47. Ng2 e5 48. Ne1 h4 49. Nc2 Bc3 50. Ne3 Kh2 51. Ng4+ Kg1 52. Nf2 Be1 53. Ng4 h3 54. Ke2 Bh4 55. Kf3 h2 56. Nxh2 Kxh2 57. Kg4 Be1 58. Kf5 Bc3 59. Ke6 Kg3 60. Kd5 Bd4 0-1